The architecture of the Mosque of Sultan Hasan (Record no. 34803)

MARC details
000 -LEADER
fixed length control field 00511nam a2200133 a 4500
008 - FIXED-LENGTH DATA ELEMENTS--GENERAL INFORMATION
fixed length control field 120416s1971 ||||||||||||||||| || u
050 ## - LIBRARY OF CONGRESS CALL NUMBER
Classification number NA 6083 Ros
100 ## - MAIN ENTRY--PERSONAL NAME
Personal name Rostem, Osman R
245 14 - TITLE STATEMENT
Title The architecture of the Mosque of Sultan Hasan
260 ## - PUBLICATION, DISTRIBUTION, ETC.
Place of publication, distribution, etc. Beirut
Name of publisher, distributor, etc. Beirut Arab University
Date of publication, distribution, etc. 1971
300 ## - PHYSICAL DESCRIPTION
Extent vii, 65p. : ill.
350 ## - PRICE (NR) (BK AM CF MU VM SE) [OBSOLETE]
Price 0.00
995 ## - RECOMMENDATION 995 [LOCAL, UNIMARC FRANCE]
-- 0.00
-- CBU-MAIN LIBRARY (Kitwe)
-- 1
-- 0.00
-- 1
-- WEEDED
-- Aug 30, 2017
-- Main Library Open Access Collection
Holdings
Withdrawn status Lost status Source of classification or shelving scheme Damaged status Not for loan Home library Current library Shelving location Date acquired Total Checkouts Full call number Barcode Date last seen Price effective from Koha item type
          CBU-MAIN LIBRARY, KITWE. CBU-MAIN LIBRARY, KITWE.   11/30/2022   NA 6083 Ros 009878 11/30/2022 11/30/2022 MONOGRAPH